Φορτώνει......
Essays On Medieval Indian History
| Κύριος συγγραφέας: | |
|---|---|
| Μορφή: | Printed Book |
| Γλώσσα: | Undetermined |
| Έκδοση: |
Oxford University Press,
2013
|
| Θέματα: |
| LEADER | 00510nam a2200145Ia 4500 | ||
|---|---|---|---|
| 008 | 200324s9999 xx 000 0 und d | ||
| 082 | |a 954.022 |b SAT-E | ||
| 100 | |a Chandra , Satish | ||
| 245 | 0 | |a Essays On Medieval Indian History | |
| 260 | |b Oxford University Press, |c 2013 | ||
| 300 | |a 549p. | ||
| 650 | |a Muslim Conquests-- Medieval History-India | ||
| 942 | |c BK | ||
| 999 | |c 284882 |d 284882 | ||
| 952 | |0 0 |1 0 |4 0 |6 954_022000000000000_SATE |7 0 |9 303423 |a SDE |b SDE |d 2014-05-30 |l 0 |o 954.022 SAT-E |p SDE20551 |r 2020-03-27 |w 2020-03-27 |y BK | ||